1359 1330 1052 1200 1672 1056 1029 1820 1524 1077 1444 1763 1583 1510 1630 1642 1980 1152 1294 1276 1534 1500 1651 1487 1226 1177 1993 1310 1392 1890 1962 1009 1504 1973 1515 1765 1581 1613 1584 1406 1664 1480 1523 1231 1611 1937 1652 1513 1108 1954 1734 1672 1983 1547 1385 1376 1537 1704 1647 1976 1055 1831 1859 1864 1829 1590 1535 1878 1547 1083 1377 1980 1315 1975 1619 1219 1862 1383 1393 1687 1062 1785 1538 1115 1085 1016 1658 1377 1680 1935 1301 1974 1204 1883 1602 1819 1847 1262 1264 BCNSPRNW ULIB Ver.6.0+V

เปลี่ยนเป็นภาษาไทย

Change to English
 แสดงรายละเอียดบรรณานุกรม
  กลับหน้าหลัก

Brief Record : Get Marc (ISO 2709) : E-mail record : QR code < ปิดหน้าต่าง
LEADER : 00000nam 2200000uu 4500
001    13399126534
003     ULIB
008    181010s2018||||th 000 0 tha d
024 0  ^a9781260288117
041    ^aeng
060  0 ^aWY18.2^bG211F
100 0  ^aGanti, Latha
245 00 ^aFrst aid for the pediatrics clerkship/^cLatha Ganti,^cMatthew S. Kaufman,^cNeeraja Kairam,^cBrian M. Lurie &^cEthan S. Wiener
250    ^a4 th ed. (715 ฿)
260    ^aNew York :^bMcGraw-Hill Education,^c2018
300    ^a557 p.
650  0 ^aPediatrics
650  0 ^aClinical Clerkship
650  0 ^aStudy Guide Classification
700 0  ^aKaufman, Matthew S.
700 0  ^aKairam, Neeraja
700 0  ^aLurie, Brian M.
700 0  ^aWiener, Ethan S.
945    ^p0^l0^i26738
999    ^aกัณชพร จุลอักษร
รายการนี้ยังไม่มีแท็ก
คุณยังไม่ได้ล็อกอิน คุณสามารถมีกิจกรรมร่วมกับเว็บไซต์ได้ แต่ต้องล็อกอินก่อน ::
  ล็อกอิน

รายการสื่อสารสนเทศ

ลำดับที่ ประเภท เลขเรียก/บาร์โค้ด สถานที่ สถานะ
1. วิทยาศาสตร์การแพทย์ และสุขภาพ
วิทยาศาสตร์การแพทย์ และสุขภาพ
WY18.2 G211F ฉ.1 
  Barcode: 26738
ห้องสมุดวิทยาเขตนครสวรรค์
►หนังสือทั่วไป:l:General Books
บนชั้น

รายการใกล้เคียง
    ผู้แต่ง [Ganti, Latha]

    หัวเรื่อง [Pediatrics]
    หัวเรื่อง [Clinical Clerkship]
    หัวเรื่อง [Study Guide Classification]

BibComment


ยังไม่เคยถูกคอมเมนท์

คอมเมนท์ทรัพยากรรายการนี้
  คอมเมนท์: Frst aid for the..


 Copyright 2026. Bcnsprnw @Library